000 00313pam a2200121a 44500
008 230405s1900 xxu||||| |||| 00| 0 eng d
041 _aENG
100 _aकीर,गिरिजा
245 _aदार उघड बया, दार उघड
260 _a
_b
_c1900
440 _aSource =
906 _a4640
999 _c784864
_d784864